LEADER 01203nam a2200301 a 4500 001 000000135465 003 CaOOAMICUS 005 20130926113936.0 008 130926s2012 it u000 u ita r 020 $a978-88-372-2674-9 040 $aPUL$bita 082 04$a235.3 100 1 $aZucal, Silvano.$0(OLS)http://pul/name/15105 245 12$aL'Angelo nel pensiero contemporaneo /$cSilvano Zucal. 260 $aBrescia :$bMorcelliana,$cİ2012. 300 $a583 p. ;$c21 cm. 490 1 $aFilosofia. Testi e studi ;$v40 504 $aInclude riferimenti bibliografici e indice. 650 4$aAngeli.$0(OLS)http://pul/subject/1404 830 0$aFilosofia (Morcelliana)$pTesti e Studi ;$v40.$0(OLS)http://pul/title/148210 850 $aPUL 852 $aPUL$W1$xSL Religione 3$y85$m235. 3 ZUCSI 1$j156211$qDDC 21$B155577$CPULBib$Z2$F155577 $H122862 $82 941 1 $a9 996 $6020$a978-88-372-2674-9$9(OLS)http://pul/number/153553 996 $6082$a235.3$9(OLS)http://pul/classification/2314 996 $6245$aL'Angelo nel pensiero contemporaneo$9(OLS)http://pul/title/171290 996 $6260$aBrescia :$bMorcelliana$9(OLS)http://pul/publisher/47854 LEADER 01410nam a2200325 a 4500 001 000000170878 003 CaOOAMICUS 005 20181130125758.0 008 181130s2000 it u000 u ita r 020 $a88-420-6125-5* 032 $aLibriCat 040 $aPUL$bita 082 04$a006.3 100 1 $aCastelfranchi, Yurij.$0(OLS)http://pul/name/109894 245 10$aMacchine come noi : $bla scommessa dell'intelligenza artificiale / $cYurij Castelfranchi, Oliviero Stock . 260 $aBari ; Roma :$bGius. Laterza & figli,$cİ2000. 300 $a117 p. ;$c21 cm. 490 1 $aEconomica Laterza ;$v288 504 $aBibliografia nelle note finali. 650 4$aIntelligenza artificiale.$0(OLS)http://pul/subject/22435 700 1 $aStock, Oliviero.$0(OLS)http://pul/name/109895 830 0$aEconomica Laterza ;$v288.$0(OLS)http://pul/title/39309 850 $aPUL 852 $aPUL$W1$xDP2 Cons. Gen., Altre Classi 3$y97$m006. 3 CASYO 1$j194103$qDDC 21$B199396$CPULBib$Z2$F199396 $H131801 $81 941 1 $a9 996 $6020$a88-420-6125-5*$9(OLS)http://pul/number/165446 996 $6082$a006.3$9(OLS)http://pul/classification/2488 996 $6245$aMacchine come noi : $bla scommessa dell'intelligenza artificiale / $9(OLS)http://pul/title/211721 996 $6260$aBari ; Roma :$bGius. Laterza & figli$9(OLS)http://pul/publisher/81307